Finite rational matrix groups

Saved in:
Bibliographic Details
Main Author: Nebe, Gabriele 1967-
Format: Book
Language:English
Published: Providence, R.I. : American Mathematical Society, c1995
Series:Memoirs of the American Mathematical Society ; ; v. 556
Subjects:
Tags: Add Tag
No Tags, Be the first to tag this record!

MARC

LEADER 00000nam a2200000 i 4500
001 1/3192
008 000518s1995 eng d
020 |a 0-8218-0343-3 
035 |l 10060710 
040 |a GR-MY-UA  |b gre  |e aacr 
041 0 |a eng 
082 0 |a 512.2 
100 1 |a Nebe, Gabriele  |d 1967- 
245 1 0 |a Finite rational matrix groups /  |c G. Nebe, W. Plesken 
260 |a Providence, R.I. :   |b American Mathematical Society,   |c c1995 
300 |a viii, 144 p.;  |c 26 cm. 
490 1 |a Memoirs of the American Mathematical Society  |v ; v. 556 
504 |a Includes bibliographical references (p.144) 
650 0 0 |a Finite groups. 
650 0 0 |a Integral representations. 
650 0 0 |a Forms, Quadratic. 
830 0 |a Memoirs of the American Mathematical Society ;  |v ; v. 556 
852 |a INST  |b SAMOS  |e 20000518  |h 512.2 NEB  |p 005300017394  |q 005300017394  |t BK  |y 0 
901 |a BIBL3-2000-2 
909 |a Σ  |b 067870 
922 |a 3ΕΛΗ  |b 199911  |c ΕΠΕΑΕΚ/ΜΑΘ  |d ΠΑΠΑΣΩΤΗΡΙΟΥ 
970 |a ΚΟΣΙΕΡΗΣ  |b ΧΡΗΣΤΟΣ  |z 2000/05/18